Signal processing and linear systems (Record no. 1319)

000 -LEADER
fixed length control field 00543nam a2200205 a 4500
001 - CONTROL NUMBER
control field 1319
003 - CONTROL NUMBER IDENTIFIER
control field BD-DhUET
008 - FIXED-LENGTH DATA ELEMENTS--GENERAL INFORMATION
fixed length control field 980109s1998 caua b 001 0 eng
020 ## - INTERNATIONAL STANDARD BOOK NUMBER
International Standard Book Number 0941413357
040 ## - CATALOGING SOURCE
Original cataloging agency DLC
Transcribing agency DLC
Modifying agency BD-DhUET
082 00 - DEWEY DECIMAL CLASSIFICATION NUMBER
Classification number 623.22
Item number LAT/1998
100 ## - MAIN ENTRY--PERSONAL NAME
Personal name Lathi B. P.
245 10 - TITLE STATEMENT
Title Signal processing and linear systems
250 ## - EDITION STATEMENT
Edition statement 1st ed
260 ## - PUBLICATION, DISTRIBUTION, ETC. (IMPRINT)
Place of publication, distribution, etc. New York
Name of publisher, distributor, etc. Oxford University Press
Date of publication, distribution, etc. 1998
300 ## - PHYSICAL DESCRIPTION
Extent x, 850 p.
Other physical details ill.
Dimensions 24 cm.
504 ## - BIBLIOGRAPHY, ETC. NOTE
Bibliography, etc Includes bibliographies
650 #0 - SUBJECT ADDED ENTRY--TOPICAL TERM
Topical term or geographic name as entry element Digital signal processing
942 ## - ADDED ENTRY ELEMENTS (KOHA)
Koha item type General Book
Holdings
Koha date last seen Lost status Koha date last borrowed Source of classification or shelving scheme Piece designation (barcode) Koha item type Withdrawn status Sublocation or collection (holding branch) Koha issues (times borrowed) Price effective from Shelving location Copy number Location (home branch) Date acquired Koha full call number Koha normalized classification for sorting Koha renewals Not for loan Damaged status
2019-09-14   103856General Book Central Library, BUET 2014-09-03Circulation section1Central Library, BUET2014-09-03623.22/LAT/1998623_000000000000000_22LAT19982  
2014-09-03   103857General Book Central Library, BUET 2014-09-03Circulation section2Central Library, BUET2014-09-03623.22/LAT/1998623_000000000000000_22LAT1998   
2017-08-19 2015-06-13 103859General Book Central Library, BUET12014-09-03Circulation section3Central Library, BUET2014-09-03623.22/LAT/1998623_220000000000000_LAT_1998   
2017-01-08 2015-10-20 103860General Book Central Library, BUET12014-09-03Circulation section4Central Library, BUET2014-09-03623.22/LAT/1998623_000000000000000_22LAT1998   
2017-04-11 2015-05-25 103863General Book Central Library, BUET12014-09-03Circulation section5Central Library, BUET2014-09-03623.22/LAT/1998623_000000000000000_22LAT1998   
2017-06-13 2015-05-25 103864General Book Central Library, BUET12014-09-03Circulation section6Central Library, BUET2014-09-03623.22/LAT/1998623_000000000000000_22LAT1998   
2017-08-20   103865General Book Central Library, BUET 2014-09-03Circulation section7Central Library, BUET2014-09-03623.22/LAT/1998623_000000000000000_22LAT1998   
2017-10-10   103858General Book Central Library, BUET 2014-11-18Circulation section8Central Library, BUET2014-11-18623.22/LAT/1998623_000000000000000_22LAT1998   
2017-05-31 2017-04-18 103861General Book Central Library, BUET12014-12-02Circulation section9Central Library, BUET2014-12-02623.22 LAT/1998623_220000000000000_LAT1998   
2017-02-06   100035General Book Central Library, BUET 2015-06-03Circulation section10Central Library, BUET2015-06-03623.22/LAT/1998623_220000000000000_LAT_19982  
2025-09-17 2025-09-07 103862General Book Central Library, BUET22017-10-31Circulation section11Central Library, BUET2007-05-28623.22/LAT/1998623_220000000000000_LAT_1998